书目信息 |
| 题名: |
地基与基础
|
|
| 作者: | 贾瑞晨 , 甄精莲 主编 | |
| 分册: | ||
| 出版信息: | 北京 中国建筑工业出版社 2021.06 |
|
| 页数: | 185页 | |
| 开本: | 26cm | |
| 丛书名: | 职业教育本科土建类专业融媒体系列教材 | |
| 单 册: | ||
| 中图分类: | TU47 | |
| 科图分类: | ||
| 主题词: | 地基--di ji--职业教育--教材 , 基础 (工程)--ji chu ( gong cheng )--职业教育--教材 | |
| 电子资源: | ||
| ISBN: | 978-7-112-26051-5 | |
| 000 | 01227nam 2200289 450 | |
| 001 | 27137 | |
| 005 | 20220921082149.76 | |
| 010 | @a978-7-112-26051-5@dCNY39.00 | |
| 100 | @a20210816d2021 em y0chiy50 ea | |
| 101 | 0 | @achi |
| 102 | @aCN@b110000 | |
| 105 | @aak a 000yy | |
| 200 | 1 | @a地基与基础@Adi ji yu ji chu@f主编贾瑞晨, 甄精莲 |
| 210 | @a北京@c中国建筑工业出版社@d2021.06 | |
| 215 | @a185页@c图@d26cm | |
| 225 | 2 | @a职业教育本科土建类专业融媒体系列教材@Azhi ye jiao yu ben ke tu jian lei zhuan ye rong mei ti xi lie jiao cai |
| 320 | @a有书目 | |
| 330 | @a本书内容共分6个教学单元, 包括岩土工程勘察、土方工程计算与施工、浅基础设计与施工、桩基础工程施工、基坑工程施工以及地基处理。该书每个教学单元均配套数字资源和课后思考题及习题, 同时本教材配有两套教学检测试卷 (含答案) 以及技能考试试题, 扫二维码可以获取 (二维码在教学单元6思考与练习后)。 | |
| 333 | @a数字教材 | |
| 410 | 0 | @12001 @a职业教育本科土建类专业融媒体系列教材 |
| 606 | 0 | @a地基@Adi ji@x职业教育@j教材 |
| 606 | 0 | @a基础 (工程)@Aji chu ( gong cheng )@x职业教育@j教材 |
| 690 | @aTU47@v5 | |
| 701 | 0 | @a贾瑞晨@Ajia rui chen@4主编 |
| 701 | 0 | @a甄精莲@Azhen jing lian@4主编 |
| 801 | 0 | @aCN@c20220910 |
| 905 | @a河南城建学院图书馆@dTU47@eJ246@f2 | |
| 地基与基础/主编贾瑞晨, 甄精莲.-北京:中国建筑工业出版社,2021.06 |
| 185页:图;26cm.-(职业教育本科土建类专业融媒体系列教材) |
| 使用对象:数字教材 |
| ISBN 978-7-112-26051-5:CNY39.00 |
| 本书内容共分6个教学单元, 包括岩土工程勘察、土方工程计算与施工、浅基础设计与施工、桩基础工程施工、基坑工程施工以及地基处理。该书每个教学单元均配套数字资源和课后思考题及习题, 同时本教材配有两套教学检测试卷 (含答案) 以及技能考试试题, 扫二维码可以获取 (二维码在教学单元6思考与练习后)。 |
| ● |
| 相关链接 |
|
|
|
正题名:地基与基础
索取号:TU47/J246
 
预约/预借
| 序号 | 登录号 | 条形码 | 馆藏地/架位号 | 状态 | 备注 |
| 1 | 1578933 | 215789332 | 建筑库101/101建筑库 96排3列5层/ [索取号:TU47/J246] | 在馆 | |
| 2 | 1578934 | 215789341 | 建筑库101/101建筑库 96排3列5层/ [索取号:TU47/J246] | 在馆 |